| 000 | 01110nam a2200289Ia 4500 | ||
|---|---|---|---|
| 003 | OSt | ||
| 005 | 20221005103111.0 | ||
| 006 | a|||||r|||| 00| 0 | ||
| 007 | ta | ||
| 008 | 221004b |||||||| |||| 00| 0 san d | ||
| 020 |
_a9788180972335 (hbk) _cINR 500.00 |
||
| 024 | _a34248 | ||
| 037 |
_b125, 12/09/2017, Eastern Book Linkers _cTextual |
||
| 040 |
_aCRL _cCRL _bsan |
||
| 041 |
_2san _asan |
||
| 082 | _aO15:g(NR), 152Q6 | ||
| 100 | _aमालवीय, इला, ले. | ||
| 245 | 0 | _aसंस्कृत साहित्य में संगीतात्मक तत्व | |
| 246 | _aSanskṛut sāhitya mean sangītātmak tatva | ||
| 260 |
_aइलाहाबाद _bसाहित्य संगम भारत _c2016 |
||
| 300 |
_a168पृ0 _ccm. |
||
| 650 | _a आलोचना | ||
| 650 | _a संगीत शास्त्र | ||
| 650 | _aसंस्कृत साहित्य | ||
| 942 |
_hO15:g(NR), 152Q6 _cTEXL _2cc |
||
| 999 |
_c1009445 _d1009445 |
||